En la ciudad china : miradas sobre las transformaciones de un imperio / dirección: Frédéric Edelmann ; coordinación editorial: Yves Kirchner ; coordinación de la edición castellana: Marina Palà ; traducción y corrección: Mercè Bolló, Judit Cusidó, Ester Gómez Cirera, Diana Hernández Aldana miradas sobre las transformaciones de un imperio / dirección:
ISBN:
978-84-9803-302-1
Publicado:
Barcelona :
CCCB, Centre de Cultura Contemporània de Barcelona, Diputació de Barcelona ,
2008
Descripción Física:
340 p. : il. ; 24 cm
Otros Autores:
Edelmann, Frédéric
,
Kirchner, Yves
,
Palà, Marina
,
Bolló, Mercè
,
Cusidó, Judit, tr
,
Gómez Cirera, Ester
,
Hernández Aldana, Diana
MARC
| LEADER | 00000nam a2200000Ia 4500 | ||
|---|---|---|---|
| 001 | 21808 | ||
| 008 | 160829s2008 xx 000 0 cat d | ||
| 020 | |a 978-84-9803-302-1 | ||
| 080 | |a B-2-191 | ||
| 245 | |a En la ciudad china : |b miradas sobre las transformaciones de un imperio / dirección: |b Frédéric Edelmann ; coordinación editorial: |b Yves Kirchner ; coordinación de la edición castellana: |b Marina Palà ; traducción y corrección: |b Mercè Bolló, Judit Cusidó, Ester Gómez Cirera, Diana Hernández Aldana | ||
| 260 | |a Barcelona : |b CCCB, Centre de Cultura Contemporània de Barcelona, Diputació de Barcelona, |c 2008 | ||
| 300 | |a 340 p. : |b il. ; |c 24 cm | ||
| 590 | |a Catàleg de l'exposició celebrada a la Cité de l'architecture et du patrimoine de París entre el 19 de juny i el 19 de setembre de 2008, i al CCCB entre el 4 de novembre de 2008 i el 22 de febrer de 2009. | ||
| 590 | |a Referències bibliogràfiques a cada capítol. | ||
| 590 | |a Hi ha un exemplar en català amb R. 21807 | ||
| 650 | |a Cultura xinesa |x Exposicions |9 45896 | ||
| 650 | |a Desenvolupament urbà |x Xina |x Història |x Exposicions |9 45897 | ||
| 700 | 1 | |a Edelmann, Frédéric |9 45898 | |
| 700 | 1 | |a Kirchner, Yves |9 45899 | |
| 700 | 1 | |a Palà, Marina |e editor |9 41454 | |
| 700 | 1 | |a Bolló, Mercè |9 45903 | |
| 700 | |a Cusidó, Judit, tr. |9 45904 | ||
| 700 | 1 | |a Gómez Cirera, Ester |9 45901 | |
| 700 | 1 | |a Hernández Aldana, Diana |9 45905 | |
| 710 | 2 | |a Centre de Cultura Contemporània de Barcelona |9 52510 | |
| 710 | 1 | |a Barcelona (Catalunya : Província). |b Diputació |9 52408 | |
| 901 | |a Arxiu | ||
| 942 | |n 1 |2 udc | ||
| 952 | |0 0 |1 0 |4 0 |6 B2191 |7 1 |9 52859 |a Arxiu |b Arxiu |d 2016-12-01 |l 0 |o B-2-191 |p 21808 |r 2016-12-01 00:00:00 |w 2016-12-01 |y ARXIU | ||
| 999 | |c 56708 |d 56708 | ||